[Event "37. Open Barberá del Vallés 2014"]
[Site "Barberá del Vallés ESP"]
[Date "2014.07.05"]
[Round "2.8"]
[White "Vehi Bach, Victor Manuel"]
[Black "Ghosh, Diptayan"]
[Result "1/2-1/2"]
[WhiteElo "2313"]
[BlackElo "2468"]
[PlyCount "131"]
[EventDate "2014.07.04"]
[EventType "swiss"]
[EventRounds "9"]
[EventCountry "ESP"]
[Source "lmi"]
[SourceDate "2014.07.04"]

1. e4 e5 2. Nf3 Nc6 3. Nc3 Nf6 4. Bb5 Bd6 5. O-O O-O 6. d3 h6 7. Ne2 Re8 8. Ng3
Bf8 9. c4 d6 10. h3 Bd7 11. Re1 a6 12. Ba4 Rb8 13. Bc2 b5 14. b3 Nb4 15. a3
Nxc2 16. Qxc2 c5 17. Bd2 Be6 18. Bc3 Nd7 19. Qd2 Rb7 20. cxb5 axb5 21. b4 Ra7
22. Qe3 Qf6 23. Nh5 Qg6 24. g4 f6 25. Nh4 Qf7 26. f4 exf4 27. Nxf4 Rea8 28. Bb2
Ne5 29. Nf3 Nxf3+ 30. Qxf3 Ra4 31. Ne2 Qb7 32. Nc3 R4a6 33. Rad1 Rc8 34. Rc1
Qa7 35. Qf2 Qd7 36. Nd5 Bxd5 37. exd5 Ra4 38. Qf4 cxb4 39. axb4 Qa7+ 40. Kf1
Rxc1 41. Rxc1 Ra2 42. Bd4 Qa3 43. Bc3 Rh2 44. Qxh2 Qxc1+ 45. Be1 Qg5 46. Qg2 f5
47. Bd2 Qf6 48. Qf2 fxg4 49. Qxf6 gxf6 50. hxg4 Kf7 51. Kg2 Kg6 52. Kf3 f5 53.
Bf4 fxg4+ 54. Kxg4 h5+ 55. Kf3 Kf5 56. Bh2 h4 57. Bf4 Be7 58. Bh2 Bf8 59. Bf4
h3 60. Bh2 Be7 61. Bf4 Bf8 62. Bh2 Be7 63. Bf4 Bf8 64. Bh2 Kg5 65. Bf4+ Kf5 66.
Bh2 1/2-1/2

[Event "37. Open Barberá del Vallés 2014"]
[Site "Barberá del Vallés ESP"]
[Date "2014.07.05"]
[Round "2.9"]
[White "Munoz Pantoja, Miguel"]
[Black "Martinez Alcantara, Jose Eduar"]
[Result "1/2-1/2"]
[WhiteElo "2457"]
[BlackElo "2295"]
[PlyCount "63"]
[EventDate "2014.07.04"]
[EventType "swiss"]
[EventRounds "9"]
[EventCountry "ESP"]
[Source "lmi"]
[SourceDate "2014.07.04"]

1. g3 c5 2. Bg2 Nc6 3. e4 g6 4. Ne2 Bg7 5. c3 e5 6. d3 d6 7. Be3 Nge7 8. O-O
O-O 9. f4 exf4 10. Nxf4 Ne5 11. h3 b6 12. d4 cxd4 13. cxd4 Nc4 14. Bf2 d5 15.
b3 Nd6 16. Nxd5 Nxe4 17. Nxe7+ Qxe7 18. Qe2 f5 19. Nc3 Bb7 20. Nxe4 fxe4 21.
Rae1 Kh8 22. Kh2 Qd7 23. Be3 Bc6 24. Rxf8+ Rxf8 25. Qc2 Qe6 26. Rc1 Bd5 27. Qc7
a5 28. h4 Rf7 29. Qd8+ Rf8 30. Qc7 Rf7 31. Qd8+ Rf8 32. Qc7 1/2-1/2

[Event "37. Open Barberá del Vallés 2014"]
[Site "Barberá del Vallés ESP"]
[Date "2014.07.05"]
[Round "2.10"]
[White "Perez Manas, Benjamin"]
[Black "Saptarshi, Roy"]
[Result "1/2-1/2"]
[WhiteElo "2290"]
[BlackElo "2449"]
[PlyCount "107"]
[EventDate "2014.07.04"]
[EventType "swiss"]
[EventRounds "9"]
[EventCountry "ESP"]
[Source "lmi"]
[SourceDate "2014.07.04"]

1. e4 e5 2. Nf3 Nc6 3. Bb5 a6 4. Ba4 Nge7 5. O-O g6 6. d4 exd4 7. Nxd4 Bg7 8.
c3 O-O 9. Bg5 Nxd4 10. cxd4 h6 11. Be3 d5 12. e5 Nf5 13. Nc3 Be6 14. Qd2 c5 15.
Bc2 Nxe3 16. Qxe3 Qc7 17. f4 cxd4 18. Qxd4 Qc4 19. Qd2 Rad8 20. Bb3 Qc5+ 21.
Kh1 Rd7 22. Ne2 d4 23. Rac1 Qb6 24. Rf3 Rfd8 25. Bxe6 Qxe6 26. a3 f6 27. f5
Qxe5 28. fxg6 d3 29. Nf4 f5 30. Nxd3 Qb5 31. Rd1 Qxb2 32. Qf4 Qb3 33. Qd2 Qxa3
34. h3 Qb3 35. Qe1 Kh8 36. Rb1 Qd5 37. Re3 Rf8 38. Ne5 Bxe5 39. Rxe5 Qg8 40.
Re7 Rxe7 41. Qxe7 Qg7 42. Rxb7 Qxe7 43. Rxe7 Ra8 44. h4 a5 45. h5 a4 46. Re2 a3
47. Ra2 Kg7 48. Kg1 Kf6 49. Kf2 Ra7 50. Kf3 Kg5 51. g7 Rxg7 52. Rxa3 Kxh5 53.
Ra5 Kg5 54. g4 1/2-1/2

[Event "37. Open Barberá del Vallés 2014"]
[Site "Barberá del Vallés ESP"]
[Date "2014.07.05"]
[Round "2.11"]
[White "Oliva Castaneda, Kevel"]
[Black "Ryan, Joseph"]
[Result "1-0"]
[WhiteElo "2419"]
[BlackElo "2285"]
[PlyCount "143"]
[EventDate "2014.07.04"]
[EventType "swiss"]
[EventRounds "9"]
[EventCountry "ESP"]
[Source "lmi"]
[SourceDate "2014.07.04"]

1. Nf3 g6 2. c4 Bg7 3. Nc3 c5 4. g3 Nc6 5. Bg2 b6 6. O-O Bb7 7. e3 Bxc3 8. dxc3
d6 9. e4 Qd7 10. e5 O-O-O 11. exd6 Qxd6 12. Qxd6 Rxd6 13. Bf4 Rd7 14. Rfd1
Rxd1+ 15. Rxd1 Nf6 16. Ng5 Rd8 17. Re1 Rf8 18. Bh3+ Nd7 19. Rd1 f5 20. Nxh7 Rh8
21. Ng5 Nce5 22. Bf1 Nf3+ 23. Nxf3 Bxf3 24. Rd2 e5 25. Bg5 Kc7 26. h4 Re8 27.
Bg2 Bxg2 28. Kxg2 Re6 29. Rd5 Kc6 30. Rd1 e4 31. Bf4 a6 32. Kf1 b5 33. cxb5+
axb5 34. b3 c4 35. bxc4 bxc4 36. Rd4 Nb6 37. Be3 Re8 38. Bf4 Nd5 39. Rxc4+ Kb5
40. Rd4 Nxf4 41. gxf4 Rh8 42. Rd6 Rxh4 43. Rxg6 Rxf4 44. Ke2 Kc4 45. Rc6+ Kb5
46. Rc8 Rf3 47. c4+ Kb6 48. a4 Ra3 49. c5+ Kb7 50. Rf8 Rxa4 51. Rxf5 Kc6 52.
Ke3 Rc4 53. Re5 Rc2 54. Rg5 Rc4 55. Re5 Rc2 56. Rg5 Rc4 57. Rg8 Kd5 58. Rg5+
Ke6 59. Rh5 Kf6 60. Kf4 Ke6 61. Rh6+ Kd7 62. c6+ Kc7 63. Re6 Rc2 64. Ke3 Rc1
65. Kxe4 Rc4+ 66. Kf5 Rc5+ 67. Kg6 Rc4 68. Kg5 Rc5+ 69. Kg4 Rc1 70. f4 Rg1+ 71.
Kf5 Rf1 72. Kg5 1-0

[Event "37. Open Barberá del Vallés 2014"]
[Site "Barberá del Vallés ESP"]
[Date "2014.07.05"]
[Round "2.12"]
[White "Ramirez Garcia, Jorge Alberto"]
[Black "Mascaro March, Pedro"]
[Result "1/2-1/2"]
[WhiteElo "2260"]
[BlackElo "2417"]
[PlyCount "146"]
[EventDate "2014.07.04"]
[EventType "swiss"]
[EventRounds "9"]
[EventCountry "ESP"]
[Source "lmi"]
[SourceDate "2014.07.04"]

1. e4 c5 2. c3 d6 3. d4 Nf6 4. dxc5 Nc6 5. f3 d5 6. exd5 Nxd5 7. c4 Qa5+ 8. Bd2
Ndb4 9. Nc3 Bf5 10. Nd5 O-O-O 11. Qb3 Nc2+ 12. Qxc2 Bxc2 13. Bxa5 Nxa5 14. Rc1
Bg6 15. b4 Nc6 16. a3 e6 17. Nf4 a5 18. Nxg6 hxg6 19. Rb1 Rh4 20. Nh3 Rhd4 21.
Be2 Be7 22. Nf2 Rd2 23. Ne4 Ra2 24. bxa5 f5 25. Nd6+ Bxd6 26. cxd6 Rxd6 27. c5
Rdd2 28. Bc4 Rac2 29. a6 bxa6 30. Bxa6+ Kc7 31. Rb7+ Kd8 32. Rg1 e5 33. Rxg7
Ne7 34. c6 Nxc6 35. Rxg6 Nd4 36. Rb6 f4 37. h4 Nf5 38. Rb3 Ng3 39. h5 Rd6 40.
Bd3 Ra2 41. h6 Rxh6 42. Bb1 Re2+ 43. Kd1 Rd6+ 44. Rd3 Rxd3+ 45. Bxd3 Ra2 46.
Re1 Rxa3 47. Bb5 Ra1+ 48. Kd2 Rxe1 49. Kxe1 Ke7 50. Bd3 Kd6 51. Kf2 Kd5 52. Bg6
Kc4 53. Bh7 Kc3 54. Bg6 Kd2 55. Bh7 Ne2 56. Bg8 Ng3 57. Bh7 Nh1+ 58. Kg1 Ng3
59. Kf2 Ne2 60. Bg8 Nc3 61. Bb3 Kd3 62. Be6 Nd1+ 63. Ke1 Ne3 64. Kf2 Kd2 65.
Bb3 Kc3 66. Bf7 Nd1+ 67. Ke2 Ne3 68. g4 Kd4 69. Be6 e4 70. g5 Ke5 71. Bc8 exf3+
72. Kxf3 Nd5 73. Bd7 Ne7 1/2-1/2

[Event "37. Open Barberá del Vallés 2014"]
[Site "Barberá del Vallés ESP"]
[Date "2014.07.05"]
[Round "2.13"]
[White "Cruz, Filemon"]
[Black "Larsen, Karsten"]
[Result "1/2-1/2"]
[WhiteElo "2412"]
[BlackElo "2265"]
[PlyCount "82"]
[EventDate "2014.07.04"]
[EventType "swiss"]
[EventRounds "9"]
[EventCountry "ESP"]
[Source "lmi"]
[SourceDate "2014.07.04"]

1. Nf3 Nf6 2. c4 g6 3. Nc3 Bg7 4. e4 d6 5. d4 O-O 6. Be2 Nbd7 7. O-O e5 8. Qc2
a5 9. Rd1 Re8 10. dxe5 dxe5 11. Nb5 h6 12. b3 Re6 13. c5 Ne8 14. Bc4 Rc6 15.
Ba3 Qe7 16. Bd5 Nf8 17. Rd3 Nf6 18. Re1 Nh5 19. g3 Bh3 20. Qd2 Ne6 21. Rd1 Bg4
22. Qe3 Qf6 23. Rc1 Nhf4 24. gxf4 Nxf4 25. Rcd1 h5 26. Bb2 Qe7 27. Kh1 Re8 28.
Rg1 Rf6 29. Nxe5 Nxd3 30. Nxg4 Nxb2 31. Nxf6+ Qxf6 32. Nxc7 Rc8 33. Nb5 Rxc5
34. a4 Rc2 35. Rf1 Kh7 36. Kg2 Bh6 37. Qf3 Qg5+ 38. Kh1 f6 39. Qg3 b6 40. Kg2
Nd3 41. Nd4 Nf4+ 1/2-1/2

[Event "37. Open Barberá del Vallés 2014"]
[Site "Barberá del Vallés ESP"]
[Date "2014.07.05"]
[Round "2.14"]
[White "Herrera Reyes, Jose Antonio"]
[Black "Palit, Somak"]
[Result "1-0"]
[WhiteElo "2239"]
[BlackElo "2411"]
[PlyCount "103"]
[EventDate "2014.07.04"]
[EventType "swiss"]
[EventRounds "9"]
[EventCountry "ESP"]
[Source "lmi"]
[SourceDate "2014.07.04"]

1. g3 d5 2. Bg2 Nf6 3. Nf3 g6 4. O-O Bg7 5. d3 O-O 6. c3 b6 7. a4 Bb7 8. Qc2 c5
9. Na3 Nc6 10. e4 e5 11. exd5 Nxd5 12. Bg5 Qd7 13. Qd2 Rfe8 14. Rfe1 Na5 15.
Qc2 h6 16. Bd2 Rad8 17. Nc4 Nxc4 18. dxc4 e4 19. cxd5 Qxd5 20. Be3 exf3 21. Bf1
h5 22. h4 Bf6 23. a5 Qe6 24. Qa4 Be4 25. Bf4 Re7 26. Re3 Qf5 27. Rae1 Bc2 28.
Qc6 Rxe3 29. Rxe3 Bd1 30. Re8+ Kh7 31. Rxd8 Bxd8 32. Qe8 Bf6 33. Qxf7+ Bg7 34.
Qxf5 gxf5 35. a6 Ba4 36. Bb8 b5 37. Bxa7 b4 38. Bxc5 bxc3 39. bxc3 Bxc3 40. a7
Bc6 41. Bb5 Ba8 42. Be8 f4 43. Bxh5 Bf6 44. Kh2 Kg7 45. Kh3 Be5 46. g4 Bc3 47.
g5 Bd5 48. Kg4 Bd2 49. Bd4+ Kh7 50. Be8 Kg8 51. h5 Kh7 52. Bf7 1-0

[Event "37. Open Barberá del Vallés 2014"]
[Site "Barberá del Vallés ESP"]
[Date "2014.07.05"]
[Round "2.15"]
[White "Aloma Vidal, Robert"]
[Black "Canal Oliveras, Joan"]
[Result "1-0"]
[WhiteElo "2406"]
[BlackElo "2250"]
[PlyCount "109"]
[EventDate "2014.07.04"]
[EventType "swiss"]
[EventRounds "9"]
[EventCountry "ESP"]
[Source "lmi"]
[SourceDate "2014.07.04"]

1. d4 d5 2. Bf4 Nc6 3. e3 Bf5 4. Nf3 e6 5. Bd3 Bxd3 6. Qxd3 Bd6 7. O-O Bxf4 8.
exf4 Qf6 9. g3 Nge7 10. Nbd2 h6 11. h4 Nf5 12. Nb3 O-O-O 13. Ne5 Nxe5 14. fxe5
Qe7 15. a4 g5 16. h5 g4 17. a5 Rhg8 18. Nc5 Rg5 19. Ra3 Rxh5 20. Rb3 Nh4 21.
Qb5 c6 22. Qxb7+ Qxb7 23. Nxb7 Rd7 24. Nc5 Nf3+ 25. Rxf3 gxf3 26. Nxd7 Kxd7 27.
Re1 c5 28. Re3 Rf5 29. dxc5 Kc6 30. b4 d4 31. Rd3 Rxe5 32. Rxf3 Re1+ 33. Kg2
Rc1 34. Rxf7 Kb5 35. Rb7+ Ka4 36. Kf3 Rxc2 37. Ke4 e5 38. Kxe5 d3 39. f4 d2 40.
Rd7 Kxb4 41. c6 Rc5+ 42. Ke4 Kc3 43. Ke3 Rxc6 44. Rd3+ Kb4 45. Rxd2 Kxa5 46.
Rb2 Rc3+ 47. Kf2 h5 48. Kg2 a6 49. f5 Rc8 50. Kh3 Rf8 51. Rf2 Kb4 52. Kh4 Rg8
53. f6 Rg4+ 54. Kh3 Rg8 55. f7 1-0

[Event "37. Open Barberá del Vallés 2014"]
[Site "Barberá del Vallés ESP"]
[Date "2014.07.05"]
[Round "2.16"]
[White "Dalo, Hermes"]
[Black "Sanchez Enriquez, Oscar Gerard"]
[Result "1/2-1/2"]
[WhiteElo "2226"]
[BlackElo "2401"]
[PlyCount "106"]
[EventDate "2014.07.04"]
[EventType "swiss"]
[EventRounds "9"]
[EventCountry "ESP"]
[Source "lmi"]
[SourceDate "2014.07.04"]

1. d4 Nf6 2. c4 e6 3. Nc3 Bb4 4. Qc2 O-O 5. a3 Bxc3+ 6. Qxc3 Qe8 7. Qc2 d6 8.
Nf3 e5 9. dxe5 dxe5 10. Bg5 Nfd7 11. e4 c5 12. O-O-O Nc6 13. h4 b6 14. Qa4 Nd4
15. Nxd4 cxd4 16. g3 f6 17. Bd2 Bb7 18. f3 Qe7 19. Bb4 Nc5 20. Bxc5 bxc5 21. g4
Bc8 22. Rd2 Bd7 23. Qd1 Rab8 24. Bd3 Rb6 25. Qg1 Be6 26. g5 Rb3 27. Qg3 Qf7 28.
h5 fxg5 29. Qxe5 h6 30. f4 gxf4 31. Bc2 Rh3 32. Rxh3 Bxh3 33. Qxc5 f3 34. Rf2
Qf4+ 35. Kb1 Qe3 36. Qd5+ Kh8 37. Qd6 Rc8 38. Qg3 Bg2 39. e5 d3 40. Rxg2 dxc2+
41. Rxc2 Qe4 42. b3 Rd8 43. Kb2 Rd1 44. b4 Rd3 45. Qg6 Qxe5+ 46. Ka2 Qe3 47.
Qa6 Rd8 48. c5 Qe4 49. Qc4 Rd4 50. Qb3 Rd3 51. Qc4 Rd4 52. Qb3 Rd3 53. Qc4 Rd4
1/2-1/2

[Event "37. Open Barberá del Vallés 2014"]
[Site "Barberá del Vallés ESP"]
[Date "2014.07.05"]
[Round "2.17"]
[White "Matnadze, Ana"]
[Black "Diaz Camallonga, Carles"]
[Result "1-0"]
[WhiteElo "2389"]
[BlackElo "2235"]
[PlyCount "95"]
[EventDate "2014.07.04"]
[EventType "swiss"]
[EventRounds "9"]
[EventCountry "ESP"]
[Source "lmi"]
[SourceDate "2014.07.04"]

1. d4 Nf6 2. c4 e6 3. Nf3 Bb4+ 4. Bd2 Bxd2+ 5. Qxd2 b6 6. g3 Bb7 7. Bg2 O-O 8.
O-O d6 9. Nc3 Nbd7 10. d5 Re8 11. Nd4 e5 12. Nc6 Bxc6 13. dxc6 Nf8 14. b4 a5
15. a3 Qe7 16. Rfc1 Ng6 17. e4 Nf8 18. Nd5 Nxd5 19. exd5 e4 20. Re1 f5 21. g4
Qf6 22. Rac1 axb4 23. axb4 Ng6 24. gxf5 Qxf5 25. Rc3 Nh4 26. Rg3 Nf3+ 27. Bxf3
exf3 28. Rf1 Re5 29. Qc3 Rf8 30. h3 Rf6 31. Kh2 Qf4 32. Kh1 Rh5 33. Rfg1 g6 34.
Re1 Kf7 35. Re6 Rhf5 36. Rg4 Qh6 37. Rxf6+ Rxf6 38. Kh2 Qh5 39. Qd4 Qh6 40. Rh4
Qg7 41. Re4 Kf8 42. Kg3 g5 43. Re3 Kf7 44. Qg4 Kg6 45. Qd7 Rf7 46. Qe6+ Rf6 47.
Qe8+ Kh6 48. Re7 1-0

[Event "37. Open Barberá del Vallés 2014"]
[Site "Barberá del Vallés ESP"]
[Date "2014.07.05"]
[Round "2.18"]
[White "Ruiz C, Joshua D"]
[Black "Garcia Acosta, Roger"]
[Result "1-0"]
[WhiteElo "2374"]
[BlackElo "2054"]
[PlyCount "67"]
[EventDate "2014.07.04"]
[EventType "swiss"]
[EventRounds "9"]
[EventCountry "ESP"]
[Source "lmi"]
[SourceDate "2014.07.04"]

1. e4 e5 2. Nf3 Nc6 3. d4 exd4 4. Nxd4 Nf6 5. Nxc6 bxc6 6. Qe2 Qe7 7. e5 Nd5 8.
c4 Ba6 9. b3 g6 10. f4 Qb4+ 11. Bd2 Qb6 12. Qe4 f5 13. Qf3 Qd4 14. Nc3 Nxc3 15.
Qxc3 c5 16. Rd1 O-O-O 17. Qxd4 cxd4 18. Ba5 Re8 19. Rxd4 d6 20. Bc3 dxe5 21.
fxe5 Rxe5+ 22. Be2 Bg7 23. Rd3 Re7 24. Bxg7 Rxg7 25. Kf2 Re7 26. Rhd1 Bb7 27.
Bf1 Rhe8 28. h4 f4 29. c5 Re3 30. R3d2 R3e5 31. Bb5 Rf8 32. a4 Be4 33. Rd4 Kb7
34. Re1 1-0

[Event "37. Open Barberá del Vallés 2014"]
[Site "Barberá del Vallés ESP"]
[Date "2014.07.05"]
[Round "2.19"]
[White "Akshat, Khamparia"]
[Black "Soto Balastegui, Victor"]
[Result "1-0"]
[WhiteElo "2367"]
[BlackElo "1962"]
[PlyCount "35"]
[EventDate "2014.07.04"]
[EventType "swiss"]
[EventRounds "9"]
[EventCountry "ESP"]
[Source "lmi"]
[SourceDate "2014.07.04"]

1. d4 b5 2. Nf3 Bb7 3. e3 a6 4. Bd3 Nf6 5. O-O g6 6. Nbd2 Nc6 7. b3 Nb4 8. Be2
Nfd5 9. Bb2 Bg7 10. e4 Nf4 11. Re1 c5 12. Bf1 Nc6 13. c3 cxd4 14. cxd4 Qb6 15.
e5 Nb4 16. Ne4 Bxe4 17. Rxe4 Rc8 18. Rxf4 1-0

[Event "37. Open Barberá del Vallés 2014"]
[Site "Barberá del Vallés ESP"]
[Date "2014.07.05"]
[Round "2.20"]
[White "Coimbra, Margarida"]
[Black "Lorenzo De La Riva, Lazaro"]
[Result "1/2-1/2"]
[WhiteElo "2071"]
[BlackElo "2426"]
[PlyCount "61"]
[EventDate "2014.07.04"]
[EventType "swiss"]
[EventRounds "9"]
[EventCountry "ESP"]
[Source "lmi"]
[SourceDate "2014.07.04"]

1. e4 c5 2. c3 g6 3. d4 cxd4 4. cxd4 d5 5. exd5 Nf6 6. Nc3 Bg7 7. Qb3 O-O 8.
Be2 Nbd7 9. Bf3 Nb6 10. Nge2 Bg4 11. Bxg4 Nxg4 12. a4 Nf6 13. Nf4 a5 14. O-O
Qd6 15. Nb5 Qb4 16. Qd3 Qc4 17. Qxc4 Nxc4 18. b3 Nb6 19. d6 e6 20. Ba3 Nfd5 21.
Nd3 Rfd8 22. Rac1 Bf8 23. Ne5 Nc8 24. Nc4 Nb4 25. Nxa5 Rxa5 26. Bxb4 Ra8 27.
Rc7 Rb8 28. g3 Nxd6 29. Nxd6 Bxd6 30. Bxd6 Rxd6 31. Rd1 1/2-1/2

[Event "37. Open Barberá del Vallés 2014"]
[Site "Barberá del Vallés ESP"]
[Date "2014.07.05"]
[Round "2.21"]
[White "Gomez Ledo, Roberto Carlos"]
[Black "Martinez Pla, Xavier"]
[Result "1-0"]
[WhiteElo "2429"]
[BlackElo "1881"]
[PlyCount "55"]
[EventDate "2014.07.04"]
[EventType "swiss"]
[EventRounds "9"]
[EventCountry "ESP"]
[Source "lmi"]
[SourceDate "2014.07.04"]

1. d4 Nf6 2. c4 e6 3. Nc3 Bb4 4. a3 Bxc3+ 5. bxc3 c5 6. e3 b6 7. Bd3 Bb7 8. f3
O-O 9. Ne2 d6 10. e4 Nbd7 11. O-O Rc8 12. Ng3 Qc7 13. d5 Ne5 14. Bc2 exd5 15.
cxd5 Rfe8 16. c4 h6 17. Bb2 Qd8 18. a4 Ra8 19. f4 Ng6 20. Bd3 Rf8 21. e5 dxe5
22. fxe5 Nd7 23. Qh5 Qg5 24. Qxg5 hxg5 25. Bxg6 fxg6 26. Ne4 Rf4 27. Rxf4 gxf4
28. e6 1-0

[Event "37. Open Barberá del Vallés 2014"]
[Site "Barberá del Vallés ESP"]
[Date "2014.07.05"]
[Round "2.22"]
[White "Raghunandan, Kaumandur Srihari"]
[Black "Das, Sayantan"]
[Result "0-1"]
[WhiteElo "2148"]
[BlackElo "2381"]
[PlyCount "70"]
[EventDate "2014.07.04"]
[EventType "swiss"]
[EventRounds "9"]
[EventCountry "ESP"]
[Source "lmi"]
[SourceDate "2014.07.04"]

1. d4 d5 2. c4 c6 3. Nf3 Nf6 4. e3 Bf5 5. Nc3 e6 6. Nh4 Bg6 7. Be2 Nbd7 8. O-O
Bd6 9. h3 Qe7 10. b3 Rb8 11. Nxg6 hxg6 12. Qc2 a6 13. Rd1 b5 14. c5 Bc7 15. b4
a5 16. a4 axb4 17. Na2 b3 18. Qxb3 Ne4 19. Bd3 b4 20. Bxe4 dxe4 21. Nxb4 Ba5
22. Bd2 Bxb4 23. Bxb4 g5 24. Qc4 g4 25. Ba5 gxh3 26. g3 Rb2 27. Rd2 Qf6 28. Qe2
Rb7 29. Rdd1 O-O 30. Kh2 Qf5 31. g4 Qg5 32. Kxh3 f5 33. gxf5 Rxf5 34. Rg1 Qh6+
35. Kg2 Rg5+ 0-1

[Event "37. Open Barberá del Vallés 2014"]
[Site "Barberá del Vallés ESP"]
[Date "2014.07.05"]
[Round "2.23"]
[White "Vigo Allepuz, David"]
[Black "Radovanovic, Jovica"]
[Result "0-1"]
[WhiteElo "2085"]
[BlackElo "2330"]
[PlyCount "82"]
[EventDate "2014.07.04"]
[EventType "swiss"]
[EventRounds "9"]
[EventCountry "ESP"]
[Source "lmi"]
[SourceDate "2014.07.04"]

1. d4 Nf6 2. c4 e6 3. Nc3 Bb4 4. e3 O-O 5. Nge2 d5 6. a3 Be7 7. Nf4 c6 8. Bd3
Nbd7 9. cxd5 exd5 10. g4 Re8 11. Qf3 Nf8 12. Rg1 Ne6 13. Nxe6 Bxe6 14. g5 Ne4
15. Nxe4 dxe4 16. Bxe4 Bd5 17. Bxd5 cxd5 18. Bd2 Rc8 19. h4 Rc2 20. Bc3 Qd7 21.
a4 Qc6 22. Qd1 Qg6 23. Qg4 Bf8 24. Qf3 Qa6 25. Qd1 Rxb2 26. Rb1 Ra2 27. Ra1
Rxa1 28. Qxa1 Qd3 29. Bd2 Rc8 30. Qd1 Rc2 31. Qe2 Qa3 32. Qd1 Ra2 33. Bc1 Qb4+
34. Kf1 Rxa4 35. Kg2 Ra1 36. Qf3 Qc4 37. Bd2 Rxg1+ 38. Kxg1 Qd3 39. Be1 Qb1 40.
Kf1 Bb4 41. Qe2 a5 0-1

[Event "37. Open Barberá del Vallés 2014"]
[Site "Barberá del Vallés ESP"]
[Date "2014.07.05"]
[Round "2.24"]
[White "Bas Mas, Jose Joaquin"]
[Black "Iagar, Razvan-Gabriel"]
[Result "1/2-1/2"]
[WhiteElo "2278"]
[BlackElo "2168"]
[PlyCount "187"]
[EventDate "2014.07.04"]
[EventType "swiss"]
[EventRounds "9"]
[EventCountry "ESP"]
[Source "lmi"]
[SourceDate "2014.07.04"]

1. e4 e6 2. d4 d5 3. Nd2 c5 4. Ngf3 cxd4 5. Nxd4 Nc6 6. Nxc6 bxc6 7. Bd3 Nf6 8.
O-O Qb6 9. c4 Ba6 10. exd5 Rd8 11. Qa4 exd5 12. Re1+ Be7 13. c5 Bb5 14. cxb6
Bxa4 15. b3 Bb5 16. Ba3 Rd7 17. Bxb5 cxb5 18. Nf3 axb6 19. Nd4 Ne4 20. Bxe7
Rxe7 21. Nf5 Re5 22. Nd6+ Ke7 23. Nxb5 Kf6 24. Red1 g5 25. f3 Nc5 26. Rd2 Rd8
27. Rad1 Ne6 28. b4 h6 29. Kf2 Rd7 30. a4 Nd8 31. Nd4 Ra7 32. Ra1 Ke7 33. a5
bxa5 34. bxa5 Ra6 35. Rc2 Kd7 36. Rc5 Kd6 37. Rc8 Kd7 38. Rb8 Re8 39. Rb5 Kd6
40. Nf5+ Kc6 41. Nd4+ Kd6 42. Rc1 Nc6 43. Nf5+ Kc7 44. Rxd5 Rea8 45. Rdc5 Kd7
46. Nxh6 Nxa5 47. Rc7+ Ke8 48. Nxf7 g4 49. Re1+ Kf8 50. Ng5 gxf3 51. gxf3 Nb3
52. Ree7 Rg6 53. h4 Nd4 54. Rf7+ Kg8 55. Ke3 Nb5 56. Rcd7 Nd6 57. Rf4 Ra3+ 58.
Kf2 Ra8 59. Kg3 Ne8 60. Rdf7 Ng7 61. Kg4 Ne6 62. R4f6 Rxf6 63. Rxf6 Ng7 64. Rb6
Rc8 65. f4 Rf8 66. Nf3 Nf5 67. Kg5 Ne3 68. Re6 Nd5 69. f5 Kh7 70. Rh6+ Kg7 71.
Rd6 Nf6 72. Ra6 Ne4+ 73. Kf4 Nf6 74. Nd4 Rb8 75. Ra7+ Kh6 76. Ke5 Ng4+ 77. Ke6
Rb6+ 78. Ke7 Kh5 79. Ra8 Kxh4 80. Rg8 Kg3 81. Ne6 Kf3 82. Ra8 Rb7+ 83. Kd6 Nf6
84. Ra4 Ng4 85. Ra3+ Kf2 86. Nd4 Rf7 87. Ke6 Rf6+ 88. Ke7 Rb6 89. Ne6 Ne3 90.
Rxe3 Kxe3 91. f6 Rb1 92. f7 Rb7+ 93. Ke8 Rxf7 94. Kxf7 1/2-1/2

[Event "37. Open Barberá del Vallés 2014"]
[Site "Barberá del Vallés ESP"]
[Date "2014.07.05"]
[Round "2.25"]
[White "Basas Gamazo, Josep"]
[Black "Bergez, Luc"]
[Result "0-1"]
[WhiteElo "2001"]
[BlackElo "2368"]
[PlyCount "64"]
[EventDate "2014.07.04"]
[EventType "swiss"]
[EventRounds "9"]
[EventCountry "ESP"]
[Source "lmi"]
[SourceDate "2014.07.04"]

1. e4 d5 2. exd5 Nf6 3. c4 c6 4. d4 cxd5 5. Nc3 Nc6 6. Nf3 Bg4 7. cxd5 Nxd5 8.
Qb3 Bxf3 9. gxf3 Nb6 10. d5 Nd4 11. Qd1 e5 12. dxe6 Qf6 13. Bg2 Qxe6+ 14. Be3
Nf5 15. Qc1 Bc5 16. Ne4 Bxe3 17. fxe3 Rc8 18. Nc3 Nxe3 19. Kf2 O-O 20. Qxe3
Qxe3+ 21. Kxe3 Nc4+ 22. Kf2 Nxb2 23. Ne4 f5 24. Nd6 Rc2+ 25. Kg3 Rf6 26. Rhc1
Rg6+ 27. Kh4 Rh6+ 28. Kg3 f4+ 29. Kxf4 Nd3+ 30. Ke3 Nxc1 31. Ne4 Rxh2 32. Bf1
h5 0-1

[Event "37. Open Barberá del Vallés 2014"]
[Site "Barberá del Vallés ESP"]
[Date "2014.07.05"]
[Round "2.26"]
[White "Messina, Roberta"]
[Black "Garriga Cazorla, Pere"]
[Result "0-1"]
[WhiteElo "2057"]
[BlackElo "2222"]
[PlyCount "72"]
[EventDate "2014.07.04"]
[EventType "swiss"]
[EventRounds "9"]
[EventCountry "ESP"]
[Source "lmi"]
[SourceDate "2014.07.04"]

1. e4 c5 2. Nf3 d6 3. d4 cxd4 4. Nxd4 Nf6 5. f3 e5 6. Bb5+ Bd7 7. Bxd7+ Qxd7 8.
Nf5 d5 9. Bg5 d4 10. Bxf6 gxf6 11. c3 Nc6 12. Qa4 O-O-O 13. O-O Bc5 14. b4 Bb6
15. c4 Kb8 16. c5 Bc7 17. Rd1 Qe6 18. Na3 Ne7 19. Nb5 a6 20. Nxc7 Kxc7 21. b5
axb5 22. Qa5+ Kb8 23. Nd6 Nc8 24. Nxb5 Qc6 25. Rac1 f5 26. Rc4 b6 27. Qa6 fxe4
28. Na7 Qb7 29. Qxb7+ Kxb7 30. Nxc8 Rxc8 31. Rb1 e3 32. Rxb6+ Kc7 33. f4 f6 34.
Rxf6 d3 35. Rd6 Rb8 36. Rb6 d2 0-1

[Event "37. Open Barberá del Vallés 2014"]
[Site "Barberá del Vallés ESP"]
[Date "2014.07.05"]
[Round "2.27"]
[White "Fernandez Aguilar, Francisco"]
[Black "Andersen, Alf R"]
[Result "1/2-1/2"]
[WhiteElo "2049"]
[BlackElo "2214"]
[PlyCount "105"]
[EventDate "2014.07.04"]
[EventType "swiss"]
[EventRounds "9"]
[EventCountry "ESP"]
[Source "lmi"]
[SourceDate "2014.07.04"]

1. e4 d6 2. d4 Nf6 3. Nc3 g6 4. Nf3 Bg7 5. h3 O-O 6. Be3 c6 7. Qd2 b5 8. Bd3
Nbd7 9. O-O e5 10. dxe5 dxe5 11. Bh6 Qe7 12. Bxg7 Kxg7 13. a4 b4 14. Ne2 h6 15.
Ng3 a5 16. Qe3 Nh7 17. b3 Ng5 18. Nxg5 hxg5 19. Rfe1 Nc5 20. Bc4 Rh8 21. f3 Be6
22. Bf1 f6 23. Rad1 Rhd8 24. Qc1 Rxd1 25. Rxd1 Rd8 26. Kf2 Bf7 27. Ke1 Ne6 28.
Rxd8 Qxd8 29. Qd2 Nd4 30. Ne2 Qb6 31. Nxd4 exd4 32. e5 Qc5 33. exf6+ Kxf6 34.
Bd3 Qe5+ 35. Kf2 Be6 36. h4 gxh4 37. Qh6 Qe3+ 38. Qxe3 dxe3+ 39. Kxe3 c5 40. f4
Bd5 41. Be4 Bxe4 42. Kxe4 Ke6 43. Ke3 Kf5 44. Kf3 g5 45. g3 hxg3 46. fxg5 Kxg5
47. Kxg3 Kf5 48. Kf3 Ke5 49. Ke3 Kd5 50. Kd3 c4+ 51. Ke3 cxb3 52. cxb3 Ke5 53.
Kd3 1/2-1/2

[Event "37. Open Barberá del Vallés 2014"]
[Site "Barberá del Vallés ESP"]
[Date "2014.07.05"]
[Round "2.28"]
[White "Rojano Alfonso, Carlos"]
[Black "Castillo Escario, Yolanda"]
[Result "1/2-1/2"]
[WhiteElo "2213"]
[BlackElo "2029"]
[PlyCount "76"]
[EventDate "2014.07.04"]
[EventType "swiss"]
[EventRounds "9"]
[EventCountry "ESP"]
[Source "lmi"]
[SourceDate "2014.07.04"]

1. d4 d5 2. Nf3 Nf6 3. Nc3 Bf5 4. Bg5 Nbd7 5. e3 h6 6. Bxf6 Nxf6 7. Bd3 Bxd3 8.
Qxd3 c6 9. e4 dxe4 10. Nxe4 Nxe4 11. Qxe4 Qd5 12. Qe2 e6 13. O-O Bd6 14. c4 Qh5
15. Rfe1 O-O 16. a3 Rfd8 17. h3 c5 18. dxc5 Bxc5 19. Qe4 Rd7 20. b4 Bd6 21. c5
Be7 22. Ne5 Rd5 23. Rac1 Bf6 24. Nc4 Rad8 25. Nd6 Rd7 26. b5 Rxc5 27. Nxb7 Rxc1
28. Rxc1 Rd1+ 29. Rxd1 Qxd1+ 30. Kh2 Qd4 31. Qxd4 Bxd4 32. f4 Bb6 33. a4 Kf8
34. a5 Bc7 35. Kg3 Ke7 36. Kf3 Kd7 37. g4 g6 38. Ke3 Kc8 1/2-1/2